00849 2200265 4500001002100000005001700021008004100038020001800079035002400097082001100121090002300132100001500155245010900170260002700279300003100306500009700337650003500434700003300469700001900502850001200521980001100533985000600544986001000550999002300560YOGYA-0209000005716620090227034152.0 ind  a979-731-296-8 0010-020900000057166 a574.07 a574.07bSuj PlDEP aSUJOKO, MS aPaket pembelajaran biologi SMA kelas X semester 2cSudjoko MS, Endang Wibowo Retnoningrum, Yoyok Wardoyo aYogyakartabAndic2005 axiii, 115 hlmbilusc29 cm aDiterbitkan bekerjasama dengan Dinas Pendidikan Propinsi DIY dan Yayasan Anak Bangsa Mandiri aBiologi - Studi dan Pengajaran aRetnoningrum, Endang Wibowo, aWardoyo, Yoyok aYOPDYOG a210705 a1 artrev a2005-197 h CB-D.11